Fair value in financial accounting
Postupujúcim širším využívaním medzinárodných účtovných štandardov (IAS) sa v účtovníctve presadzujú reálne ceny (fair value), namiesto klasických historických cien. Rozšírenie IAS na finančné inštrumenty a dlhodobý majetok vedie k zverejňovaniu reálneho výsledku hospodárenia podniku. Harmonizácia z...
Salvato in:
| Autore principale: | |
|---|---|
| Altri autori: | |
| Natura: | Capitolo di libro |
| Lingua: | inglese |
| Soggetti: | |
| Tags: |
Nessun Tag, puoi essere il primo ad aggiungerne!!
|
MARC
| LEADER | 00000naa$a2200000$$$4500 | ||
|---|---|---|---|
| 001 | 0004214 | ||
| 005 | 20231004092008.5 | ||
| 041 | 0 | |a eng | |
| 044 | |a CZ | ||
| 245 | 1 | 0 | |a Fair value in financial accounting |c aut. Jaromír Ryska, Antonín Valder |
| 520 | |a Postupujúcim širším využívaním medzinárodných účtovných štandardov (IAS) sa v účtovníctve presadzujú reálne ceny (fair value), namiesto klasických historických cien. Rozšírenie IAS na finančné inštrumenty a dlhodobý majetok vedie k zverejňovaniu reálneho výsledku hospodárenia podniku. Harmonizácia základných termínov používaných pri oceňovaní majetku. | ||
| 610 | 2 | 0 | |a oceňovanie |
| 610 | 2 | 0 | |a hodnota reálna |
| 610 | 2 | 0 | |a štandardy účtovné medzinárodné |
| 610 | 2 | 0 | |a majetok |
| 610 | 2 | 0 | |a účtovníctvo finančné |
| 610 | 2 | 0 | |a terminológia |
| 610 | 2 | 0 | |a metodológia |
| 100 | 1 | |a Ryska, Jaromír | |
| 700 | 1 | |a Valder, Antonín | |